| 000 | 00487nam a22001697a 4500 | ||
|---|---|---|---|
| 003 | OSt | ||
| 005 | 20190618100611.0 | ||
| 008 | 190618b xxu||||| |||| 00| 0 eng d | ||
| 020 | _a978-99970-597-03-1 | ||
| 040 | _aTasobya tonny crispus | ||
| 082 | _a340 WAM | ||
| 100 | _aMDALA WAME PEARSON | ||
| 245 |
_aINTRODUCTION TO LAW IN UGANDA _bA manual for uganda _cMDALA WAME PEARSON |
||
| 260 |
_aKAMPALA _bEMPOWERING MINDS _c2018 |
||
| 300 |
_aXXVII, 400P. : 25CM. _c25CM. |
||
| 942 |
_2ddc _cBK |
||
| 999 |
_c8619 _d8619 |
||